000 00580nam a2200205Ia 4500
005 20250508165224.0
008 008 250505s9999 xx 000 0 eng d
020 _a978-81-203-4373-3
037 _aTextBook
040 _aFEDL
_beng
_cFEDL
041 _aeng
_2eng
084 _a302.14, ALE/R
_qFEDL
100 _aAlex K
245 0 _aSoft skills: Know yourself and know the world
260 _aNew Delhi, India
_bS. Chand and Company Limited
_c2009
300 _axii, 250p.
365 _aINR
_b325
942 _cTB
_h302.14, ALE/R
999 _c1393914
_d1393914